The Science and the Profession of Libraries A Visionary's Perspective (A Collcction of 20 Papers) Commemoration Volume (Record no. 64961)
[ view plain ]
| 000 -LEADER | |
|---|---|
| fixed length control field | 00358nam a2200109Ia 4500 |
| 008 - FIXED-LENGTH DATA ELEMENTS--GENERAL INFORMATION | |
| fixed length control field | 221009s9999 xx 000 0 und d |
| 082 ## - DEWEY DECIMAL CLASSIFICATION NUMBER | |
| Classification number | 020 |
| 100 ## - MAIN ENTRY--PERSONAL NAME | |
| Personal name | Ranganathan,S.R. |
| 9 (RLIN) | 18072 |
| 245 #4 - TITLE STATEMENT | |
| Title | The Science and the Profession of Libraries A Visionary's Perspective (A Collcction of 20 Papers) Commemoration Volume |
| 260 ## - PUBLICATION, DISTRIBUTION, ETC. (IMPRINT) | |
| Name of publisher, distributor, etc. | Ess Ess Publication |
| 942 ## - ADDED ENTRY ELEMENTS (KOHA) | |
| Koha item type | Books |
No items available.









